|
|
|
|
| LEADER |
01225nam a22003017a 4500 |
| 001 |
36120 |
| 003 |
BD-DhAAL |
| 005 |
20211130144236.0 |
| 008 |
191015t2007 enk r 000 0 eng d |
| 999 |
|
|
|c 41564
|d 41564
|
| 020 |
|
|
|a 0902227165
|
| 020 |
|
|
|a 9780902227163
|
| 040 |
|
|
|a BD-DhAAL
|
| 082 |
|
|
|a 370.941
|2 20
|
| 100 |
|
|
|a White, John,
|d 1934 November 7-
|9 35988
|
| 245 |
|
|
|a What schools are for and why /
|c John White ; edited by Ruth Cigman.
|
| 260 |
|
|
|a London :
|b Philosophy of Education Society of Great Britain,
|c 2007.
|
| 300 |
|
|
|a 51 pages ;
|c 21 cm.
|
| 490 |
|
|
|a IMPACT ;
|v No. 14
|
| 504 |
|
|
|a Includes bibliographical references.
|
| 650 |
|
|
|a Education
|x Aims and objectives
|z Great Britain.
|9 35989
|
| 650 |
|
|
|a Education
|z Great Britain
|x Curricula.
|9 35994
|
| 650 |
|
|
|a Education
|x Philosophy.
|9 35995
|
| 700 |
|
|
|a Cigman, Ruth,
|d 1951-
|9 35996
|
| 710 |
|
|
|a Philosophy of Education Society of Great Britain.
|9 35997
|
| 852 |
|
|
|a Ayesha Abed Library
|c BIED Collection
|
| 942 |
|
|
|2 ddc
|c BK
|
| 952 |
|
|
|0 0
|1 0
|2 ddc
|4 0
|6 370_941000000000000_WHI
|7 0
|9 66717
|a BRACUL
|b BRACUL
|c GEN
|d 2019-10-15
|e Complimentary copy from BIED
|l 0
|o 370.941 WHI
|p 3010036120
|r 2019-10-15
|t 1
|w 2019-10-15
|y BK
|x Transferred from BIED to General Stacks
|